书目信息 |
| 题名: |
心理咨询师手册
|
|
| 作者: | 麦克劳德 著 ;夏颖 译 | |
| 分册: | ||
| 出版信息: | 上海 上海社会科学院出版社 2018.03 |
|
| 页数: | 212页 | |
| 开本: | 24cm | |
| 丛书名: | 心理咨询进阶丛书 | |
| 单 册: | ||
| 中图分类: | R395.6-62 | |
| 科图分类: | ||
| 主题词: | 心理咨询--咨询服务--手册 | |
| 电子资源: | ||
| ISBN: | 978-7-5520-1241-5 | |
| 000 | 01446oam2 2200325 450 | |
| 001 | 0108153918 | |
| 005 | 20210308154404.0 | |
| 010 | @a978-7-5520-1241-5@dCNY48.00 | |
| 100 | @a20180513d2018 em y0chiy50 ea | |
| 101 | 1 | @achi@ceng |
| 102 | @aCN@b310000 | |
| 105 | @aak az 001yy | |
| 106 | @ar | |
| 200 | 1 | @a心理咨询师手册@Axin li zi xun shi shou ce@dThe counsellor's workbook : developing a personal approach@e发展个人方法@f(英)约翰·麦克劳德著@fJohn McLeod@g夏颖等译@zeng |
| 210 | @a上海@c上海社会科学院出版社@d2018.03 | |
| 215 | @a212页@c图@d24cm | |
| 225 | 2 | @a心理咨询进阶丛书 |
| 305 | @a译自原书第2版 | |
| 306 | @a本授权中文简体字翻译版由麦格劳-希尔教育出版公司出版。 | |
| 320 | @a有书目(第190-194页)和索引 | |
| 330 | @a《心理咨询师手册:发展个人方法》(第二版)是心理咨询专家麦克劳德教授的又一力作,书中包括80多个独特的练习,与《心理咨询导论》(第四版)穿插的学习任务,全新的帮助个人在心理咨询培训中发展的方法。该著帮助您深化和巩固个人的学习与发展,促进理论、实践和个人经验的整合,专注于学习小组成员自我意识的发展。 | |
| 461 | 0 | @12001 @a心理咨询进阶丛书 |
| 510 | 1 | @aCounsellor's workbook : developing a personal approach@zeng |
| 517 | 1 | @a发展个人方法@Afa zhan ge ren fang fa |
| 606 | 0 | @a心理咨询@x咨询服务@j手册 |
| 690 | @aR395.6-62@v5 | |
| 701 | 1 | @a麦克劳德@Amai ke lao de@4著@c(英)@c(McLeod, John) |
| 702 | 0 | @a夏颖@Axia ying@4译 |
| 801 | 0 | @aCN@bBJSZM@c20210308 |
| 905 | @b1273275-8@dR395.6-62@e355@f4 | |
| 心理咨询师手册=The counsellor's workbook : developing a personal approach:发展个人方法/(英)约翰·麦克劳德著/John McLeod/夏颖等译.-上海:上海社会科学院出版社,2018.03 |
| 212页:图;24cm.-(心理咨询进阶丛书) |
| ISBN 978-7-5520-1241-5:CNY48.00 |
| 《心理咨询师手册:发展个人方法》(第二版)是心理咨询专家麦克劳德教授的又一力作,书中包括80多个独特的练习,与《心理咨询导论》(第四版)穿插的学习任务,全新的帮助个人在心理咨询培训中发展的方法。该著帮助您深化和巩固个人的学习与发展,促进理论、实践和个人经验的整合,专注于学习小组成员自我意识的发展。 |
| ● |
| 相关链接 |
|
|
|
|
正题名:心理咨询师手册
索取号:R395.6-62/355
 
预约/预借
| 序号 | 登录号 | 条形码 | 馆藏地/架位号 | 状态 | 备注 |
| 1 | 1273275 | 212732756 | 第二样本阅览室/ [索取号:R395.6-62/355] | 在馆 | |
| 2 | 1273276 | 212732765 | 教育系资料室/ [索取号:R395.6-62/355] | 在馆 | |
| 3 | 1273277 | 212732774 | 教育系资料室/ [索取号:R395.6-62/355] | 在馆 | |
| 4 | 1273278 | 212732783 | 第三借阅区/ [索取号:R395.6-62/355] | 在馆 |